000 00703nam a2200241Ia 4500
003 OSt
005 20220926015540.0
006 a|||||r|||| 00| 0
007 ta
008 220923b |||||||| |||| 00| 0 eng d
020 _a0679442324
037 _cGeneral Book
040 _aRTL
_cRTL
_beng
041 _2eng
_aeng
082 _aY:(G:66), N6
100 _aSulloway Frank J
_955665
245 0 _aBorn to rebel
_b Birth order, family dynamics and cr
260 _aNew York
_bPantheon Books
_c1996
300 _axviii,653p
_ccm.
500 _aBibliography: P 541-616; Appendix: P 369-444
942 _hY:(G:66), N6
_cGB
_2CC
999 _c631974
_d631974